| 000 | 01080nam a2200265 i 4500 | ||
|---|---|---|---|
| 001 | 196945 | ||
| 003 | ES-MaACL | ||
| 005 | 20250818063119.0 | ||
| 008 | 250224b2024 sp ||||| |||| 00| 0 spa d | ||
| 017 |
_aM 22099-2024 _bOficina Depósito Legal Madrid |
||
| 020 | _a9788489318717 | ||
| 040 |
_bspa _cES-MaACL |
||
| 100 | 1 |
_aTrueba de Jainaga, Ignacio _9239666 _eaut |
|
| 245 |
_aHambre y malnutrición : _bmis lecciones aprendiadas / _clección de ingreso de Ignacio Trueba de Jáinaga a la Real Sociedad Bascongada de Amigos del País. |
||
| 260 |
_aMadrid : _bReal Sociedad Bascongada de Amigos del País, _c2024. |
||
| 300 |
_a160 páginas ; _c24 cm |
||
| 336 |
_2rdacontent _atexto |
||
| 337 |
_2rdamedia _asin mediación |
||
| 338 |
_2rdacarrier _avolumen |
||
| 852 |
_aES-MaACL _cDEPOJ _jN-10442 _xEncuadernación rústica _9206566 _hDonación: Editorial |
||
| 942 |
_cMONOGRAFIA _n0 |
||
| 999 |
_c196945 _d196945 |
||